Flags of Europe by the Shade of Red - Statistics

General Stats
  • This quiz has been taken 12 times
  • The average score is 5 of 24
Answer Stats
Picture Hint Answer % Correct
#FF0000 Albania | Croatia | Germany | Portugal | Slovenia | Switzerland
55%
#77353D Latvia
45%
#C8102E Austria | Denmark
36%
#ED2939 France
36%
#BA0C2F Norway
36%
#D4213D Poland
36%
#CE2B37 Italy
27%
#CE1126 Monaco | Romania
27%
#DA291C Russia
27%
#CE2939 Hungary
18%
#CF142B Malta
18%
#CC092F Moldova
18%
#AD1D25 Netherlands
18%
#CE2028 North Macedonia
18%
#ED1C24 Slovakia
18%
#AD1519 Spain
18%
#D50032 Andorra
9%
#D22730 Belarus
9%
#EF3340 Belgium | Luxembourg
9%
#D62612 Bulgaria
9%
#DC1E35 Iceland
9%
#CF0921 Liechtenstein
9%
#C1272D Lithuania
9%
#C7363D | #A12D2E Serbia
9%
No matching quizzes found
Score Distribution
Percent of People with Each Score
Percentile by Number Answered
Your Score History
You have not taken this quiz